000 02581cam a22005294i 4500
003 PE-LiUPU
005 20250731172848.0
008 140429s2014 ilu rb 001 0 eng
020 _a0830840478
020 _a9780830840472
020 _z9780830895434
_q(digital)
035 _a(Sirsi) i9780830840472
040 _aDLC
_bspa
_erda
_cDLC
_dYDX
_dXBE
_dYDXCP
_dFIN
_dBDX
_dOCLCF
_dBTCTA
_dZID
_dLNT
_dPGC
_dCDX
_dOCLCQ
_dPE-LiUPU
049 _aPRUA
050 0 0 _aBV601.8
_b.G64 2014
082 0 0 _a266
_bG58
_223
100 1 _aGoheen, Michael W.,
_d1955- ,
_eautor.
245 1 0 _aIntroducing Christian mission today :
_bscripture, history, and issues /
_cMichael W. Goheen.
264 1 _aDowners Grove, Illinois :
_bIVP Academic, an imprint of InterVarsity Press,
_c[2014]
300 _a444 páginas ;
_c24 centímetros
336 _atext
_2rdacontent
337 _aunmediated
_2rdamedia
338 _avolume
_2rdacarrier
504 _aBibliografía : páginas 436-438.
504 _aÍndice : páginas 439-444.
505 0 _aIntroduction: a paradigm shift in mission studies today -- Part I: Biblical and theological reflection on mission -- Scripture as a narrative record of God's mission -- Theology of mission and missional theology -- Part II: Historical and contemporary reflection on mission -- Historical paradigms of mission -- An emerging ecumenical paradigm of mission -- A survey of the global church -- Part III: Current issues in mission today -- Holistic mission: witness in life, word and deed -- Faithful contextualization: church, gospel and culture(s) -- Toward a missiology of western culture -- A missionary encounter with world religions -- Urban mission: the new frontier -- Missions: a witness to the gospel where there Is none.
526 _aSEG42
526 _aSEG41
526 _aSEG40
526 _aSEG39
526 _aP94
526 _aP87
526 _aP86
526 _aP85
526 _aP77
526 _aP76
526 _aP35
650 0 _aMisión de la Iglesia.
650 0 _aMisiones
_xTeoría.
910 _ajck
_bjck
_cjck
_d20160606
942 _2ddc
_cBOOK
949 _a266 G58
_wDEWEY
_c1
_i73145
_lCCODEBUL1
_mBUL
_p15.00
_r0
_sY
_tBOOK
_u2016-6-6
_xTEOLOGIA
_PP85
_0COMPRA
_o.STAFF. Posgrado
994 _aC0
_bPEPRU
596 _a1
999 _a266 G58
_wDEWEY
_c9743
_i73145
_d9743
_e2018-8-1
_f2021-11-10
_g5
_lCCODEBUL1
_mBUL
_n4
_p15.00
_q3
_r0
_sY
_tBOOK
_u2016-6-6
_xTEOLOGIA
_PP85
_0COMPRA
_o.STAFF. Colección Teología
980 _81
_gALBERTO SANCHEZ Responsable de Automatización